000 00539nam a2200193Ia 4500
005 20250508151046.0
008 008 250505s9999 xx 000 0 eng d
020 _a978-1-4020-6402-9
037 _aBooks to be hide in OPAC
040 _aFEDL
_beng
_cFEDL
041 _aeng
_2eng
084 _a370.942, RIC/O
_qFEDL
100 _aRichmond W Kenneth
245 0 _aEducation in England
260 _aHarmondsworth
_bPenguin Books
_c1945
300 _a219p.
942 _cHB
_h370.942, RIC/O
999 _c1327324
_d1327324